Silmarillion Character by their Dwelling - Statistics

General Stats
  • This quiz has been taken 31 times
  • The average score is 8 of 11
Answer Stats
Hint Answer % Correct
Turgon King of Gondolin
96%
Finrod King of Nargothrond
96%
Eol A smith who dwells in Nan Elmoth
84%
Amras Lives with his older twin in East Beleriand
84%
Dior Eluchíl Second King of Doriath
80%
Maglor Ruler of Maglor's Gap
76%
Curufin (other) Lord of Himlad
72%
Celegorm Lord of Himlad (the blonde son of Feanor)
68%
Maedhros Lord of Himring
56%
Caranthir Lord of Thargelion
44%
Amrod Territory is in East Beleriand
44%
No matching quizzes found
Score Distribution
Percent of People with Each Score
Percentile by Number Answered
Your Score History
You have not taken this quiz